Statistics for Fifa 21 Top 25 Right-Backs

Click here to take the quiz!

General Stats

  • This quiz has been taken 20 times
  • The average score is 15 of 25

Answer Stats

RatingClubPlayer% Correct
87LiverpoolTrent Alexander-Arnold
100%
85Manchester CityKyle Walker
94%
86Real MadridDaniel Carvajal
88%
84ChelseaCesar Azpilicueta
81%
83Manchester CityJoao Cancelo
81%
81Bayern MunichBenjamin Pavard
75%
83Atletico MadridKieran Trippier
75%
83Manchester UnitedAaron Wan-Bissaka
75%
83FC BarcelonaSergi Roberto
75%
85Leicester CityRicardo Pereira
69%
84Sevilla FCJesus Navas
69%
81Borussia DortmundThomas Meunier
69%
80Tottenham HotspurSerge Aurier
69%
83WolvesNelson Semedo
63%
80RB LeipzigNordi Mukiele
56%
82Bayer LeverkusenLars Bender
56%
82CSKA MoscowMario Fernandes
50%
81Piemonte CalcioJuan Cuadrado
44%
81Tottenham HotspurMatt Doherty
44%
81PSGAlessandro Florenzi
44%
81Bayer LeverkusenSantiago Arias
38%
80Borussia MonchengladbachStefan Lainer
31%
80SL BenficaAndre Almeida
31%
81Athletic BilbaoAnder Capa
25%
80Atletico MadridSime Vrsaljko
19%

Score Distribution

Percentile by Number Answered

Percent of People with Each Score

Your Score History

You have not taken this quiz